Регионална библиотека "Любен Каравелов" - Русе

Двойното дъно на класиката (Запис номер 93992)

MARC детайли
000 -Лидер
Контролно поле с фиксирана дължина 01476nam a2200373 c 4500
003 - Код на организацията, давaща контролен номер
Контролно поле BLK
005 - Дата и час на последна редакция
Контролно поле 20241104134645.0
008 - Елементи от данни с фиксирана дължина
fixed length control field 180408b bul|||||r ||||||| ||bul||
010 ## - Наследен системен номер
LC control number KNG00098810000
020 ## - Международен стандартен номер на книга ISBN
Международен стандартен номер на книга ISBN 978-954-26-0886-8
-- издат.: Хермес
040 ## - Източник на каталожния запис
Идентификатор на билиотеката - собственик на записа BLK
041 ## - Код за език
Код за езика на текст/звукозапис или на отделно заглавие Български
Код за езика КДБФ Български
072 #7 - Код за тематичната категория
Код организация bullib
Код за тематична категория Н82
Текст Литературознание Н
080 ## - УДК
Текстов определител УДК Българска литература
УДК код - определител по УДК 821.163.2
УДК определител .09
УДК - код + определител 821.163.2.09
100 ## - Редна дума - Автор
Автор Ефтимов, Йордан Симеонов
R(LIN) 370243
139 ## - Редно поле
Редна дума Ефтимов, Йордан Симеонов
Авторски знак Ефр - Е 97
245 10 - Сведения за заглавието
Заглавие Двойното дъно на класиката
Подзаглавни данни От Ботев и Вазов до Йовков и Далчев
Редно поле (дума) Йордан Симеонов Ефтимов.
257 ## - Страна на издаване
Страна на създаване/издаване България
260 ## - Област на издателските данни
-- Пловдив
Име на издателя, разпространителя и проч. Хермес
Година на издаване 2010
Печатница Хасково : Полиграфюг
300 ## - Физическа характеристика
Страници 184 с.
Размери/Мащаб 20 см
380 ## - Жанр
Жанр Литературознание
500 ## - Общи забележки
Забележка Библиогр. под линия.
650 #4 - Допълнително описание по предмет – тема
Основно описание – тема или топоним Българска литература - теми, образи, сюжети
9 (RLIN) 242409
653 ## - Ключова дума – ненормативна
Ключова дума българска литература
653 ## - Ключова дума – ненормативна
Ключова дума литературна критика
653 ## - Ключова дума – ненормативна
Ключова дума сюжети
659 ## - Тематичен бюлетин
Тематичен бюлетин Н
852 ## - Местоположение
Форматна сигнатура Цб 250398
856 4# - Електронен адрес и достъп
Електронен формат pdf - файл
Път до файла /url/
856 4# - Електронен адрес и достъп
Електронен формат pdf - файл
Път до файла /url/
942 ## - АРТИКУЛИ
Вид на библиотечния материал Книги
Скрит в OPAC Не
Koha issues (borrowed), all copies 1
944 ## - СЪЗДАВАНЕ И РЕДАКЦИЯ на ЗАПИСА
Създаване/Редакция Създаване
Дата на регистрацията/редакция 16.12.2010
Статус, дата на статуса Геновева Генчева
Служител, извършил регистрацията/редакцията 30560
944 ## - СЪЗДАВАНЕ И РЕДАКЦИЯ на ЗАПИСА
Създаване/Редакция Редакция
Дата на регистрацията/редакция 06.07.2016
Статус, дата на статуса ф /
Служител, извършил регистрацията/редакцията Людмила_Стоянова
999 ## - СИСТЕМНИ КОНТРОЛНИ НОМЕРА
Koha biblionumber 93992
Koha biblioitemnumber 93992
Наличности
Код за отписване Код за изгубен артикул Източник на класификационната схема Код за повреда Коз за рестрикции Код за отдаване Артикулен № Име на библиотеката - собственик Име на библиотеката, в която се намира в момента Статус (Текущо местоположение) Дата на вписване в системата Местоположение - отдел Цена в лева Инвентарен номер Систематично азбучна сигнатура Баркод Номер на екземпляра Цена в евро Служебна бележка Служебен тип на артикула
  Не е изгубен Universal Decimal Classification Не е повреден без рестрикции заемане за дома 150930 Регионална библиотека "Любен Каравелов" Русе Регионална библиотека "Любен Каравелов" Русе Заемна - подръчен фонд 2010-12-16 Заемна - подръчен фонд 9.95 120000748361 821.163.2.09/Е 97 Й 120000748361 1 5.09 Дост: DA Вид: А N: 25 Дата: 16.12.2010 Дата инв: 08.02.2018 Бележки инв: П2018 Книги
  Не е изгубен Universal Decimal Classification Не е повреден без рестрикции заемане за дома 150931 Регионална библиотека "Любен Каравелов" Русе Регионална библиотека "Любен Каравелов" Русе Заемна - подръчен фонд 2010-12-16 Заемна - подръчен фонд 9.95 120000748362 821.163.2.09/Е 97 Й 120000748362 2 5.09 Дост: DA Вид: А N: 25 Дата: 16.12.2010 Дата инв: 08.02.2018 Бележки инв: П2018 Книги
  Не е изгубен   Не е повреден без рестрикции ползва се в читалня 150932 Регионална библиотека "Любен Каравелов" Русе Регионална библиотека "Любен Каравелов" Русе Хранилище 2011-11-16 Хранилище 9.95 120000754347 Цб 250398 120000754347 3 5.09 Дост: Dp Вид: Д N: 14 Дата: 04.04.2011 Книги
  Не е изгубен Universal Decimal Classification Не е повреден без рестрикции ползва се в читалня 150933 Регионална библиотека "Любен Каравелов" Русе Регионална библиотека "Любен Каравелов" Русе Читалня 2016-06-20 Читалня 9.95 120000801238 Ч 821.163.2.09/Е 97 120000801238 4 5.09 Дост: DA Вид: А N: 22 Дата: 20.06.2016 Дата инв: 27.03.2017 Бележки инв: Ч2017 Книги
Vip Innovations Ltd, Rousse, Bulgaria 2025